Normal view
MARC view
- Nahuas
Entry Materia
001 - NÚMERO DE CONTROL DEL REGISTRO
- campo de control: 21027
003 - IDENTIFICADOR DE NUMERO DE CONTROL
- campo de control: MX-MxUPN
005 - FECHA Y HORA DE LA ÚLTIMA TRANSACCIÓN
- campo de control: 20240524113043.0
008 - DATOS DE LONGITUD FIJA
- campo de control de longitud fija: 240524nn|acnnnbabn | ana |d
035 ## - NÚMERO DE CONTROL DEL SISTEMA
- Número de control del sistema: UPN10000021036
040 ## - FUENTE DE LA CATALOGACIÓN
- Lengua de catalogación: spa
- Agencia de transcripción: MX-MxUPN
- Centro catalogador de origen: MX-MxUPN
150 ## - ENCABEZAMIENTO - TEMÁTICO
- Término de materia o nombre geográfico como elemento inicial: Nahuas
- Subdivisión de forma: Glosarios, vocabularios, etc
670 ## - FUENTE EN LA QUE SE LOCALIZARON DATOS
- Cita de la fuente: LC/P
- Información localizada: Nahuatl language
670 ## - FUENTE EN LA QUE SE LOCALIZARON DATOS
- Cita de la fuente: Autoridades BGTQ, 24 mayo 2024 :
- Información localizada: (Nahuas -- Glosarios, vocabularios, etc.)
902 ## - CATALOGADOR
- Catalogador: CAA/020896
